000 00498nam a22001697a 4500
005 20251108164225.0
008 250721s1985 xx 000 0 ara d
082 1 4 _a307,2/ابر
100 1 _aإبراهيم، عبد الوهاب
245 1 0 _aأسس البحث الإجتماعي /
264 1 _aالقاهرة :
_bمكتبة نهضة الشرق،
_c1985.
300 _a134ص
650 1 7 _aالأبحاث الإجتماعية
650 1 7 _aالأبحاث
942 _2ddc
_cBK
999 _c6788
_d6788